[Event "DEM U14 2016"]
[Site "Willingen GER"]
[Date "2016.05.15"]
[Round "1"]
[White "Pysarenko, Kyrill"]
[Black "Bui, Hai Lam"]
[Result "0-1"]
[Termination "normal"]
[Board "21"]
[WhiteElo "1718"]
[BlackElo "2025"]
[PlyCount "132"]
[WhiteFideId "12974250"]
[BlackFideId "12975737"]
[EventCountry "GER"]
[EventRounds "9"]
[EventType "swiss"]
[EventDate "2016.05.14"]

1. e4 c5 2. Nf3 d6 3. d4 cxd4 4. Qxd4 a6 5. Nc3 Nc6 6. Qd3 g6 7. Be3 Bg7 8. Be2
Nf6 9. h3 O-O 10. Nd4 d5 11. exd5 Nb4 12. Qd2 Nfxd5 13. Nxd5 Nxd5 14. Bh6 Bxh6
15. Qxh6 Nb4 16. c3 Nc6 17. Nf3 f6 18. Rd1 Qc7 19. O-O Be6 20. Rfe1 Bxa2 21.
Nd4 Rad8 22. b3 Rxd4 23. cxd4 Bxb3 24. Rd2 Rd8 25. Qe3 Bd5 26. Bg4 Qd6 27. Be6+
Bxe6 28. Qxe6+ Qxe6 29. Rxe6 Kf7 30. Re1 Rxd4 31. Rxd4 Nxd4 32. Rb1 Nb5 33. Kf1
Ke6 34. Ke1 Nd6 35. Ke2 Kd5 36. Kd3 a5 37. Ra1 Nc4 38. Rb1 Nd6 39. Ra1 b6 40.
f4 Nb7 41. Rb1 Nc5+ 42. Ke3 Kc6 43. g3 a4 44. Kd4 Nb3+ 45. Kc3 Nc5 46. Re1 e6
47. g4 b5 48. Rc1 Kb6 49. Rb1 Na6 50. Re1 Nc7 51. Rf1 Nd5+ 52. Kb2 b4 53. f5
exf5 54. gxf5 g5 55. Re1 h5 56. Re8 h4 57. Rb8+ Kc5 58. Rc8+ Kd4 59. Ra8 Nb6
60. Rb8 Nc4+ 61. Ka2 b3+ 62. Kb1 Kc3 63. Rf8 a3 64. Rxf6 Nd2+ 65. Kc1 b2+ 66.
Kd1 b1=Q+ 0-1

[Event "DEM U14 2016"]
[Site "Willingen GER"]
[Date "2016.05.15"]
[Round "1"]
[White "Oganessjan, Artur"]
[Black "Lindow, Max"]
[Result "0-1"]
[Termination "normal"]
[Board "22"]
[WhiteElo "1990"]
[BlackElo "1472"]
[PlyCount "88"]
[WhiteFideId "12986062"]
[BlackFideId "16211057"]
[EventCountry "GER"]
[EventRounds "9"]
[EventType "swiss"]
[EventDate "2016.05.14"]

1. e4 e5 2. Nf3 Nc6 3. Bb5 a6 4. Ba4 Nf6 5. d3 b5 6. Bb3 Bc5 7. O-O h6 8. c3 d6
9. d4 Bb6 10. h3 O-O 11. Re1 Re8 12. Bc2 Bb7 13. b3 a5 14. Bb2 b4 15. d5 Ne7
16. Qd2 Qb8 17. a3 bxc3 18. Nxc3 Ng6 19. g3 Bc8 20. Kg2 Nh5 21. Ne2 Bd7 22. Bd3
Qc8 23. Rh1 f5 24. exf5 Bxf5 25. Bxf5 Qxf5 26. Raf1 Rf8 27. Qc3 Rf7 28. Bc1
Raf8 29. Neg1 e4 30. g4 Nh4+ 31. Kh2 Nxf3+ 32. Nxf3 Qxf3 33. Qxf3 Rxf3 34. gxh5
Rxf2+ 35. Rxf2 Rxf2+ 36. Kg3 Rf3+ 37. Kg4 Rxb3 38. Kf5 e3 39. Rh2 Rb1 40. Bb2
Rf1+ 41. Ke6 Rf2 42. Be5 dxe5 43. Rh1 e2 44. Re1 Bd4 0-1

[Event "DEM U14 2016"]
[Site "Willingen GER"]
[Date "2016.05.15"]
[Round "1"]
[White "Rauch, Arwid"]
[Black "Biermann, Florian"]
[Result "0-1"]
[Termination "normal"]
[Board "23"]
[WhiteElo "1560"]
[BlackElo "1964"]
[PlyCount "78"]
[WhiteFideId "16215923"]
[BlackFideId "12970069"]
[EventCountry "GER"]
[EventRounds "9"]
[EventType "swiss"]
[EventDate "2016.05.14"]

1. e4 c5 2. Nf3 e6 3. d4 cxd4 4. Nxd4 a6 5. c4 Nf6 6. Nc3 Qc7 7. Be3 Bb4 8. f3
O-O 9. Be2 d5 10. Qd3 e5 11. Nc2 Bxc3+ 12. bxc3 dxe4 13. Qd1 Rd8 14. Qc1 Be6
15. Rb1 Nbd7 16. Na3 Rac8 17. O-O Nc5 18. fxe4 Nfxe4 19. Bf3 Qe7 20. Qc2 Bf5
21. Qb2 Rd3 22. Bxe4 Bxe4 23. Rbe1 f5 24. Kh1 Rd6 25. Bxc5 Rxc5 26. Qf2 Qg5 27.
Rxe4 Ra5 28. c5 Rd2 29. Qf3 Rxa3 30. Rxe5 Rxc3 31. Re8+ Kf7 32. Qxb7+ Kxe8 33.
Qc8+ Rd8 34. Qe6+ Qe7 35. Qg8+ Kd7 36. Rd1+ Kc8 37. Rxd8+ Qxd8 38. Qe6+ Kb8 39.
Qe5+ Ka8 0-1